000 00424nam a2200157 i 4500
001 85544
003 ES-MaACL
005 20230906175248.0
007 t|
008 041129s1918 fr ||||1| fre d
100 1 _aJusserand, J. J.
_967341
245 1 0 _aEn Amérique jadis et maintenant /
_cJ.J. Jusserand.
260 _aParis :
_b[s.n.,
_c1918] (
_fLahure)
300 _aXI, 368 p. ;
_c19 cm.
852 _aES-MaACL
_jF-10946
999 _c85544
_d85544